000 01117cam a2200325 i 4500
001 41541
003 Mx-PuUPA
005 20260314115122.0
008 140415s2002 mx ao gr 000 0cspa d
020 _a968191127X
040 _aMx-PuUPA
_bspa
_cMx-PuUPA
_dMx-PuUPA
_erda
041 0 _aspa
043 _an-mx---
100 1 _aEscalada, Xavier,
_dmurió 2006?,
_96467
_eautor
245 1 0 _aSan Juan Diego :
_bel gran milagro de México /
_cXavier Escalada
250 _aPrimera edición /
_bjunio
264 1 _aMéxico, D.F. :
_bAguilar, Altea, Taurus, Alfaguara,
_c2002
300 _a55 páginas :
_bilustraciones, fotografías ;
_c26 cm
336 _2rdacontent
_atexto
_btxt
336 _2rdacontent
_aimagen fija
_bsti
337 _2rdamedia
_asin medio
_bn
338 _2rdacarrier
_avolumen
_bnc
600 0 4 _aJuan Diego,
_cSanto,
_d1474-1548
600 0 4 _aNuestra Señora de Guadalupe
650 7 _2armarc
_aSantos cristianos
_vBiografía
650 7 _2armarc
_aSantos cristianos
_zMéxico
_vBiografía
942 _2ddc
_cLI
_h270.092
_iJ52
999 _c41541
_d41541